| 000 | 01037nam a2200265 i 4500 | ||
|---|---|---|---|
| 001 | 109806 | ||
| 003 | ES-MaACL | ||
| 005 | 20250813111917.0 | ||
| 008 | 061121s1986 sp |||| | spa d | ||
| 020 | _a84-03-40084-5 | ||
| 100 | 1 |
_aMuñoz, Emilio, _d1937- _9164911 |
|
| 245 | 1 | 0 |
_aCiencia y tecnología _b: una oportunidad para España / _cEmilio Muñoz, Florencio Ornia ; prólogo de José María Maravall ; edición a cargo de José Luis Peset y Alberto Elordi ; colaboraron Arturo García Arroyo ... [et. al.]. |
| 260 |
_aMadrid : _bMinisterio de Educación y Ciencia, _c1986. |
||
| 300 |
_a237 p. ; _c24 cm. |
||
| 650 | 4 |
_aInvestigación- _zEspaña. _913893 |
|
| 650 | 0 | 4 |
_aCiencia- _zEspaña _910941 |
| 650 | 0 | 4 |
_aTecnología- _xEspaña. _917403 |
| 700 | 1 |
_aOrnia, Florencio. _987308 |
|
| 700 | 1 |
_aMaravall, José María. _976330 |
|
| 700 | 1 |
_aPeset, José Luis. _991433 |
|
| 700 | 1 |
_aElordi, Alberto. _947071 |
|
| 700 | 1 |
_aGarcía Arroyo, Arturo. _954192 |
|
| 852 |
_aES-MaACL _jG-1533 |
||
| 999 |
_c109806 _d109806 |
||